ბათუმის შოთა რუსთაველის სახელმწიფო უნივერსიტეტის ბიბლიოთეკა

Селекция и семеноводство полевых культур с основами генетики (ბიბ.ჩანაწერი № 45626)

000 -LEADER
fixed length control field 00889nam a2200229Ia 4500
001 - CONTROL NUMBER
control field 12452
003 - CONTROL NUMBER IDENTIFIER
control field GE_BSU
008 - FIXED-LENGTH DATA ELEMENTS--GENERAL INFORMATION
fixed length control field 181216s||||||||xx |||||||||||||| ||und||
040 ## - CATALOGING SOURCE
Transcribing agency GE_BSU
080 ## - UNIVERSAL DECIMAL CLASSIFICATION NUMBER
Universal Decimal Classification number 633(075.32)
100 ## - MAIN ENTRY--PERSONAL NAME
Personal name Гуляев,Г.В. Дубинин,А.Д.
245 ## - TITLE STATEMENT
Title Селекция и семеноводство полевых культур с основами генетики
245 ## - TITLE STATEMENT
Remainder of title Уч-к для средних сельхоз учебн. завед по спец."Агрономия
245 ## - TITLE STATEMENT
Statement of responsibility, etc. Ред.Т.В.Островская
260 ## - PUBLICATION, DISTRIBUTION, ETC.
Place of publication, distribution, etc. Москва
260 ## - PUBLICATION, DISTRIBUTION, ETC.
Name of publisher, distributor, etc. Колос
260 ## - PUBLICATION, DISTRIBUTION, ETC.
Date of publication, distribution, etc. 1980
300 ## - PHYSICAL DESCRIPTION
Extent 374стр.илл.22см.
300 ## - PHYSICAL DESCRIPTION
Accompanying material Краткий словарь терминов с.357
653 ## - INDEX TERM--UNCONTROLLED
Uncontrolled term Селекция и семеноводство полевых культур с основами генетики
942 ## - ADDED ENTRY ELEMENTS (KOHA)
Koha item type წიგნი
ეგზემპლარები
Withdrawn status Lost status Damaged status Not for loan Date acquired Barcode Date last seen Price effective from Koha item type
        2018-12-17 20718 2018-12-17 2018-12-17 წიგნი
        2018-12-17 20719 2018-12-17 2018-12-17 წიგნი
        2018-12-17 20720 2018-12-17 2018-12-17 წიგნი
        2018-12-17 20721 2018-12-17 2018-12-17 წიგნი
        2018-12-17 20722 2018-12-17 2018-12-17 წიგნი